| 000 | 01136cam a2200265 a 4500 | ||
|---|---|---|---|
| 999 |
_c41133 _d41133 |
||
| 001 | 11852248 | ||
| 003 | OSt | ||
| 005 | 20210705115830.0 | ||
| 008 | 991130r20001992caua b 001 0 eng | ||
| 010 | _a 99058197 | ||
| 020 | _a9788130913148 | ||
| 040 |
_aDLC _cDLC _dDLC |
||
| 050 | 0 | 0 |
_aQC174.12 _b.T69 2000 |
| 082 | 0 | 0 |
_a530.12 _221 _bTOW/M |
| 100 |
_aTownsend, John S _94434 |
||
| 245 | 1 | 2 |
_aA modern approach to quantum mechanics / _cJohn S. Townsend. |
| 260 |
_aSausalito, Calif. : _bUniversity Science Books, _cc2000. |
||
| 300 |
_axiv, 476 p. : _bill. ; _c24 cm. |
||
| 500 | _aOriginally published: New York : McGraw-Hill, c1992, in series: International series in pure and applied physics. With new pref. | ||
| 504 | _aIncludes bibliographical references and index. | ||
| 650 | 0 | _aQuantum theory. | |
| 906 |
_a7 _bcbc _corignew _d1 _eocip _f19 _gy-gencatlg |
||
| 942 |
_2ddc _cBK _h530.12 _iTOW/M _k530.12 _mTOW/M |
||